000
00263nam a2200085Ia 4500
245
0
_a
151 quick ideas to improve your people skills
100
_a
Dittmer, Robert E Franklin Lakes, NJ, 2009
_9
100797
942
_c
BK
008
210818s9999 xx 000 0 und d
999
_c
434019
_d
434018